LEADER 01249nam0 2200325 450 001 000021272 005 20080619154255.0 100 $a20080410d1975----km-y0itaa50------ba 101 0 $aita 102 $aIT 200 1 $aAntonio Labriola nella politica e nella cultura italiana$fLuigi Dal Pane 210 $aTorino$c<> Einaudi$dc1975 215 $aXV, 509 p.$d18 cm 225 2 $aPiccola Biblioteca Einaudi$v256 410 1$12001$aPiccola Biblioteca Einaudi$v256 600 1$aLabriola,$bAntonio 606 1 $aPolitica e cultura$yItalia$z1843-1904 676 $a335.4$v(21. ed.)$9Socialismo e sistemi affini. Sistemi marxisti 700 1$aDal Pane,$bLuigi$0443656 801 0$aIT$bUniversità della Basilicata - B.I.A.$gRICA$2unimarc 912 $a000021272 996 $aAntonio Labriola nella politica e nella cultura italiana$989096 997 $aUNIBAS BAS $aLETTERE CAT $aSTD062$b01$c20080410$lBAS01$h1545 CAT $aSTD062$b01$c20080410$lBAS01$h1549 CAT $aSTD062$b01$c20080410$lBAS01$h1553 CAT $aTTM$b30$c20080619$lBAS01$h1542 FMT Z30 -1$lBAS01$LBAS01$mBOOK$1BASA1$APolo Storico-Umanistico$2GEN$BCollezione generale$3FP/87321 10B$687321$5L87321$820080410$f02$FPrestabile Generale LEADER 03918oam 2200589 450 001 9910786594003321 005 20190911100031.0 010 $a1-136-20477-6 010 $a0-203-09411-5 010 $a1-283-86127-5 010 $a1-136-20478-4 024 7 $a10.4324/9780203094112 035 $a(OCoLC)823730675 035 $a(MiFhGG)GVRL8POZ 035 $a(EXLCZ)992670000000299253 100 $a20141209d2013 uy 0 101 0 $aeng 135 $aurun|---uuuua 181 $ctxt 182 $cc 183 $acr 200 00$aAt the boundaries of law $efeminism and legal theory /$fedited by Martha Albertson Fineman and Nancy Sweet Thomadsen 210 1$aLondon :$cRoutledge,$d2013. 215 $a1 online resource (xvi, 368 pages) 225 0 $aRoutledge library editions. Feminist theory ;$vv. 1 300 $aFirst published in 1991 by Routledge. 311 $a0-415-75219-1 311 $a0-415-63502-0 320 $aIncludes bibliographical references. 327 $aAT THE BOUNDARIES OF LAW Feminism and Legal Theory; Copyright; AT THE BOUNDARIES OF LAW FEMINISM AND LEGALTHEORY; Copyright; Acknowledgments; Contents; Introduction; I. Perspectives from the Personal; 1. Reasonable Women and the Law; 2. On Being the Object of Property; 3. Subordination, Rhetorical Survival Skills, and Sunday Shoes:Notes on the Hearing of Mrs. G; II. The Construction of Body in Law; 4. The Body in Legal Theory; 5. Intimacy and Responsibility: What Lesbians Do; 6. Fallen Angels: The Representation of Violence Against Women in Legal Culture; III. Recognizing Pleasures and Pains 327 $a7. The Difference in Women's Hedonic Lives: A Phenomenological Critique of Feminist Legal Theory8. Feminism, Sexuality and Authenticity; 9. The Problem of Privatized Injuries: Feminist Strategies for Litigation; IV. Recasting Women's History; 10. The Unbroken Circle: A Historical Study of Black Single Mothers and Their Families; 11. Religion and Rights Consciousness in the Antebellum Woman's Rights Movement; 12. Social Feminism and Legal Discourse, 1908-1923; V. Perspectives on Marriage and Family; 13. Homework and Women's Rights: The Case of the Vermont Knitters, 1980-1985 327 $a14. Abandoned Women15. Societal Factors Affecting the Creation of Legal Rules for Distribution of Property at Divorce; VI. Feminist Strategies Within Legal Institutions; 16. Feminism and Legal Method: The Difference It Makes; 17. The Dialectics of Rights and Politics:Perspectives From the Women's Movement; 18. Strategizing In Equality; References; Books and Articles; Cases; Notes on Contributors 330 $aFeminists have recently begun to challenge the powerful influence of the law on the social and cultural construction of women's roles, identities, and rights. At the Boundaries of Law is a timely and path-breaking work that provides a series of non-technical, interdisciplinary explorations into the nature and effects of legal regulation on women's lives. Together the essays examine the fertile - and radically revisionary - links between feminism and legal theory.But At the Boundaries of Law rejects the abstract 'grand theorizing' of traditional feminist legal 410 0$aRoutledge library editions.$pFeminist theory ;$vv. 1. 606 $aFeminist theory 606 $aWomen$xLegal status, laws, etc 606 $aWomen$xSocial conditions 615 0$aFeminist theory. 615 0$aWomen$xLegal status, laws, etc. 615 0$aWomen$xSocial conditions. 676 $a305.4201 676 $a342.6134 676 $a346.01/34 702 $aFineman$b Martha 702 $aThomadsen$b Nancy Sweet$f1950- 712 12$aFeminism and Legal Theory Conference$f(1985-1989 :$eUniversity of Wisconsin) 801 0$bMiFhGG 801 1$bMiFhGG 906 $aBOOK 912 $a9910786594003321 996 $aAt the boundaries of law$93790960 997 $aUNINA